| 000 | 00424nam a2200169Ia 4500 | ||
|---|---|---|---|
| 001 | 22322 | ||
| 003 | IN-NITTTR | ||
| 005 | 20251114233252.0 | ||
| 008 | 251113s9999||||xx |||||||||||||| ||eng|| | ||
| 040 | _beng | ||
| 040 | _cIN-NITTTR | ||
| 041 | _aeng | ||
| 082 | _a621.89 H97T | ||
| 100 | _aHutchings, I. M. | ||
| 245 | 0 |
_aTribology : _b friction and wear of engineering materials. / _cHutchings, I. M. |
|
| 942 |
_2ddc _cBK |
||
| 999 |
_c24951 _d24951 |
||